Przyporządkuj Rzekę do Państwa - Statystyki

Ogólne statystyki
  • Ten quiz został rozwiązany 40 razy
    31 od ostatniego zresetowania
  • Średni wynik to 12 z 20
Statystyki odpowiedzi
Rzeka Państwo % Poprawnych
Xijiang Chiny
97%
Ganges Indie/Bangladesz
90%
jukon Kanada/Stany Zjednoczone
90%
Brahmaputra Chiny/Indie/Bangladesz
79%
Lena Rosja
79%
Pad Włochy
79%
Amur Chiny/Rosja
76%
Duero Hiszpania/Portugalia
69%
Dźwina Łotwa/Białoruś/Rosja
69%
Severn Wielka Brytania
69%
Orinoko Wenezuela/Kolumbia
66%
Kolumbia Stany Zjednoczone/Kanada
62%
Oranje Republika Południowej Afryki/Namibia/Lesotho
55%
Shannon Irlandia
45%
Kryszna Indie
38%
Soława Niemcy
34%
Glomma Norwegia
34%
Kura Azerbejdżan/Gruzja/Turcja
31%
Marica Bułgaria/Turcja/Grecja
31%
Karun Iran
21%
Nie znaleziono quizów pasujących do podanych kryteriów
Rozkład punktacji
Procent ludzi z każdym wynikiem
Percentyl według liczby udzielonych odpowiedzi
Twoja historia wyników
Nie rozwiązałeś tego quizu od ostatniego zresetowania